Ładuje się......
Chhayavad ka vyavharik saundaryashastra/
| 1. autor: | |
|---|---|
| Format: | Printed Book |
| Język: | Hindi |
| Wydane: |
Kanpur :
Aman Prakashan,
c2019.
|
| LEADER | 00498nam a22001457a 4500 | ||
|---|---|---|---|
| 008 | 200211b ||||| |||| 00| 0 hin d | ||
| 999 | |c 348620 |d 348620 | ||
| 020 | |a 9789388260800 | ||
| 041 | |a Hindi | ||
| 100 | |a Suryaprasad Dixit | ||
| 245 | |a Chhayavad ka vyavharik saundaryashastra/ |c Suryaprasad Dixit | ||
| 260 | |a Kanpur : |b Aman Prakashan, |c c2019. | ||
| 300 | |a 296p.; | ||
| 942 | |c BK | ||
| 952 | |0 0 |1 0 |2 ddc |4 0 |7 0 |9 402106 |a HIN |b HIN |c ST1 |d 2020-02-11 |e Book Shop |i 26232 |l 0 |p HIN26232 |r 2020-02-11 |v 695.00 |w 2020-02-11 |y BK | ||